000 00854nam a2200253Ia 4500
003 OSt
005 20220923211935.0
006 a|||||r|||| 00| 0
007 ta
008 220922b |||||||| |||| 00| 0 hin d
024 _a74,079
037 _cTextual
040 _aARTS
_cARTS
_bhin
041 _2hin
_ahin
082 _aR635x3,1, 152M1
100 _aपवन कुमारी; उपाध्याय, वाचस्पति
_9161726
245 0 _aयोग सार संग्रह
246 _aYog sār sangraha
260 _aदिल्ली
_b ईस्टर्न
_c1981
300 _a127पृ.
_ccm.
650 _aभारतीय दर्शन
942 _hR635x3,1, 152M1
_cTEXL
_2CC
999 _c304704
_d304704